000 00422nam a22001577a 4500
005 20260226124259.0
020 _a9789383101252
082 _223
_a616.01
_bSIN
100 _aSingh, Vineetha
_911047
245 _aGreen Biology /
_cVineetha Singh
260 _aJaipur :
_bAgrotech Press ,
_c2024 .
300 _a244p
650 _aChemistry of Cell Biology
_911048
650 _aMicroorganisms
_911049
942 _2ddc
_cBK
999 _c757121
_d757121